书目信息 |
| 题名: |
气象学与农业气象学
|
|
| 作者: | ;北京农业大学 编 | |
| 分册: | ||
| 出版信息: | 北京 北京农业出版社 1961 |
|
| 页数: | 252页 | |
| 开本: | 19cm | |
| 丛书名: | ||
| 单 册: | ||
| 中图分类: | P4 , S16 | |
| 科图分类: | ||
| 主题词: | 气象学--高等学校--教材 , 农业气象--高等学校--教材 | |
| 电子资源: | ||
| ISBN: | 16144.1108 | |
| 000 | 00790nam0 2200277 450 | |
| 001 | 0105481928 | |
| 005 | 20020928000000.0 | |
| 010 | @a16144.1108@dCNY0.77 | |
| 091 | @a16144.1108 | |
| 100 | @a19960127d1961 em y0chiy0110 ea | |
| 101 | 0 | @achi |
| 102 | @aCN@b110000 | |
| 105 | @afk z 000yy | |
| 106 | @ar | |
| 200 | 1 | @a气象学与农业气象学@9Qi Xiang Xue Yu Nong Ye Qi Xiang Xue @f北京农业大学编@b专著 |
| 210 | @a北京@c北京农业出版社@d1961 | |
| 215 | @a252页@c图表@d19cm | |
| 300 | @a高等农业院试用教材 | |
| 300 | @a农学类各专业用 | |
| 606 | 0 | @a气象学@x高等学校@x教材 |
| 606 | 0 | @a农业气象@x高等学校@x教材 |
| 690 | @aP4@v3 | |
| 690 | @aS16@v3 | |
| 711 | 02 | @a北京农业大学@9bei jing nong ye da xue@4编 |
| 801 | 0 | @aCN@b上海图书馆@c19970403 |
| 905 | @aBZT@dP4@e30@f1@sP4/30 | |
| 气象学与农业气象学/北京农业大学编.-北京:北京农业出版社,1961 |
| 252页:图表;19cm |
| 高等农业院试用教材.-农学类各专业用 |
| ISBN 16144.1108:CNY0.77 |
| ● |
| 相关链接 |
|
|
|
正题名:气象学与农业气象学
索取号:P4/30
 
预约/预借
| 序号 | 登录号 | 条形码 | 馆藏地/架位号 | 状态 | 备注 |
| 1 | 2000088379 | 2000088379 | 旧书回溯/ [索取号:P4/30] | 在馆 |